000 00498nam a22002057a 4500
005 20260218160153.0
008 260218b |||||||| |||| 00| 0 eng d
020 _a9780632052790
_c12083.42
040 _aMAIN
041 _aEnglish
082 _a560
_bHOW
100 _aHoward, Armstrong
_926338
245 _aMicrofossils
250 _a2nd
260 _aUnited Kingdom
_bBlackwell
_c2005
300 _a296
650 _aGeology
_91039
700 _aBrasier, Martin D.
_926339
942 _cBK
999 _c60390
_d60390